English names with Hebrew origins - Statistics

General Stats
  • This quiz has been taken 472 times
  • The average score is 14 of 18
Answer Stats
Hebrew name English equivalent % Correct
Shimon (m) Simon
94%
Binyamin (m) Benjamin
92%
Rahel (f) Rachael
92%
Shmuel (m) Samuel
92%
Aharon (m) Aaron
91%
Miryam (f) Mary/Miriam
89%
Ya'akov (m) Jacob
86%
Yehoshua (m) Joshua
83%
Moshe (m) Moses
83%
Mattityahu (m) Matthew
81%
Yitzhak (m) Isaac
77%
Eytan (m) Ethan
73%
Noam (m) Noah
73%
Rivkah (f) Rebecca
67%
Eliyahu (m) Elijah
66%
Elisheva (f) Elizabeth
62%
Shoshanna (f) Susan
57%
Kelev (m) Caleb
52%
No matching quizzes found
Score Distribution
Percent of People with Each Score
Percentile by Number Answered
Your Score History
You have not taken this quiz